|
|
|
|
| LEADER |
00000nam a2200000 a 4500 |
| 001 |
vtls001378790 |
| 003 |
SK-MaSNL |
| 005 |
20260301071120.0 |
| 008 |
240313s1998 YU ab r slo |
| 015 |
|
|
|a SNBZSA1999-00426
|
| 020 |
|
|
|a 8617066504
|
| 035 |
|
|
|a SNK000332757
|
| 035 |
|
|
|a urn:nbn:sk:snk-amthz6
|
| 035 |
|
|
|a urn:nbn:sk:snk-am00c510
|
| 035 |
|
|
|a F690C0B0-A3CE-4AAA-AB07-0EF958D3C892
|
| 040 |
|
|
|a SNK
|b slo
|c SNK
|e AACR2
|
| 041 |
0 |
|
|a slo
|
| 044 |
|
|
|a YU
|
| 080 |
|
|
|a 372.48(075.2)(076.5)
|2 1981
|
| 100 |
1 |
|
|a Danilović, Dragan
|4 aut
|9 295241
|
| 240 |
1 |
0 |
|a Radni listovi iz poznavanja društva
|l Slovensky
|
| 245 |
1 |
|
|a Pracovný zošit z poznávania spoločnosti
|b pre 4. ročník základnej školy
|c Dragan Danilović, Biljana Danilovićová
|
| 260 |
|
|
|a Beograd
|b Zavod za udžbenike i nastavna sredstva
|c 1998
|
| 300 |
|
|
|a 43 s.
|b fotogr., mp.
|c 28 cm
|
| 500 |
|
|
|a Ilustr. na obál.
|
| 500 |
|
|
|a Tir. súbež. srb.
|
| 500 |
|
|
|a 1100 výt.
|
| 500 |
|
|
|a Preložil Pavel Kováč
|
| 650 |
0 |
7 |
|a vlastiveda
|x učebnice zákl. škôl (4. roč.)
|x zošity pracovné
|z Srbsko
|2 SNK
|9 388402
|
| 655 |
|
7 |
|a učebnice
|2 SNK
|9 22521
|
| 700 |
1 |
|
|a Danilović, Biljana
|4 aut
|9 295239
|
| 700 |
1 |
|
|a Kováč, Pavel
|4 trl
|9 376910
|
| 919 |
|
|
|a 86-17-06650-4
|
| 958 |
|
|
|a ZS
|
| 958 |
|
|
|a TL
|
| 958 |
|
|
|a UX
|
| 958 |
|
|
|a YU
|
| 958 |
|
|
|a OP
|
| 999 |
|
|
|c 636660
|d 638590
|
| 952 |
|
|
|t P60, <03>, [BOOK], {603}
|a SNK
|b SNK
|y PREZ
|7 0
|p 17A0222133
|o snkSB 61211
|i snkV 1720/99
|0 0
|1 0
|4 0
|d 1999-12-13
|f 1
|l 0
|r 2025-04-15 00:00:00
|w 2026-02-23
|